000 00634nam a2200241Ia 4500
003 OSt
005 20221007081051.0
006 a|||||r|||| 00| 0
007 ta
008 221006b |||||||| |||| 00| 0 eng d
024 _a26,862
037 _cTextual
040 _aFLL
_cFLL
_beng
041 _2eng
_aeng
082 _aX:Z73y7, J3
100 _aSpencer William H.
_9696297
245 0 _aLaw and business
250 _a2nd
260 _aNew York
_bMcGraw-Hill Book Company, Inc. New
_c1953
300 _axiii,1-968p
_ccm.
942 _hX:Z73y7, J3
_cTEXL
_2CC
999 _c1161866
_d1161866